Statistics for Biggest Trading Partners - Philippines

Click here to take the quiz!

General Stats

  • This quiz has been taken 22 times
  • The average score is 25 of 28

Answer Stats

ExportsCountry% Correct
5.39 bilChina
100%
4.06 bilChina
100%
0.55 bilIndonesia
100%
1.46 bilIndonesia
100%
6.79 bilJapan
100%
7.60 bilJapan
100%
2.54 bilSingapore
100%
5.97 bilSingapore
100%
8.10 bilUnited States
100%
7.39 bilUnited States
100%
1.90 bilMalaysia
95%
2.41 bilMalaysia
95%
0.43 bilUnited Kingdom
95%
0.34 bilVietnam
95%
1.74 bilVietnam
95%
2.39 bilGermany
91%
0.94 bilGermany
91%
2.90 bilSouth Korea
91%
2.46 bilSouth Korea
91%
1.44 bilThailand
91%
2.80 bilThailand
91%
0.74 bilFrance
82%
0.25 bilItaly
77%
5.15 bilSaudi Arabia
73%
1.36 bilUnited Arab Emirates
73%
3.67 bilNetherlands
64%
0.62 bilBelgium
59%
0.63 bilIreland
32%

Score Distribution

Percentile by Number Answered

Percent of People with Each Score

Your Score History

You have not taken this quiz